Diễn viên và sân khấu /
Guardado en:
| Autor principal: | |
|---|---|
| Otros Autores: | , |
| Formato: | Sách giấy |
| Lenguaje: | Vietnamese |
| Publicado: |
H. :
Văn hóa,
1979.
|
| Etiquetas: |
Agregar Etiqueta
Sin Etiquetas, Sea el primero en etiquetar este registro!
|
| Thư viện lưu trữ: | Thư viện Trường Đại học Đà Lạt |
|---|
| LEADER | 00693nam a2200289 4500 | ||
|---|---|---|---|
| 001 | DLU140159837 | ||
| 005 | ##20140219 | ||
| 040 | # | # | |a DLU |b vie |
| 041 | # | # | |a vie |
| 044 | # | # | |a vn |
| 082 | # | # | |a 792.028 |b LU-V |
| 100 | # | # | |a Lưu Quang Vũ. |
| 245 | # | # | |a Diễn viên và sân khấu / |c Lưu Quang Vũ, Vương Trí Nhàn, Xuân Quỳnh. |
| 260 | # | # | |a H. : |b Văn hóa, |c 1979. |
| 300 | # | # | |a 495 tr. ; |c 20 cm. |
| 700 | # | # | |a Xuân Quỳnh. |
| 700 | # | # | |a Vương Trí Nhàn. |
| 991 | # | # | |a GT |
| 992 | # | # | |a 395 |
| 994 | # | # | |a DLU |
| 900 | # | # | |a True |
| 911 | # | # | |a Trương Thị Mỹ Lệ |
| 925 | # | # | |a G |
| 926 | # | # | |a A |
| 927 | # | # | |a SH |
| 980 | # | # | |a Thư viện Trường Đại học Đà Lạt |